Modern VLSI Design (Record no. 5039)
[ view plain ]
| 000 -LEADER | |
|---|---|
| fixed length control field | 00330nam a2200157Ia 4500 |
| 003 - CONTROL NUMBER IDENTIFIER | |
| control field | OSt |
| 005 - DATE AND TIME OF LATEST TRANSACTION | |
| control field | 20240101093700.0 |
| 008 - FIXED-LENGTH DATA ELEMENTS--GENERAL INFORMATION | |
| fixed length control field | 170524s9999 xx 000 0 und d |
| 020 ## - INTERNATIONAL STANDARD BOOK NUMBER | |
| International Standard Book Number | 9788120327597 |
| 040 ## - CATALOGING SOURCE | |
| Transcribing agency | IIMTU |
| 100 ## - MAIN ENTRY--PERSONAL NAME | |
| Personal name | Wolf Wayne |
| 245 #0 - TITLE STATEMENT | |
| Title | Modern VLSI Design |
| 260 ## - PUBLICATION, DISTRIBUTION, ETC. | |
| Name of publisher, distributor, etc. | PHI |
| 260 ## - PUBLICATION, DISTRIBUTION, ETC. | |
| Date of publication, distribution, etc. | 2005 |
| 942 ## - ADDED ENTRY ELEMENTS (KOHA) | |
| Source of classification or shelving scheme | |
| Koha item type | Book Bank |
| Withdrawn status | Lost status | Source of classification or shelving scheme | Damaged status | Not for loan | Home library | Current library | Date acquired | Full call number | Barcode | Date last seen | Price effective from | Koha item type | Public note |
|---|---|---|---|---|---|---|---|---|---|---|---|---|---|
| IIMT University Central Library Meerut | IIMT University Central Library Meerut | 05/31/2017 | R | 01-B-42494 | 05/31/2017 | 05/31/2017 | Reference Book | Engineering Departmental Library books | |||||
| IIMT University Central Library Meerut | IIMT University Central Library Meerut | 05/31/2017 | 01-B-42495 | 05/31/2017 | 05/31/2017 | Book Bank | |||||||
| IIMT University Central Library Meerut | IIMT University Central Library Meerut | 05/31/2017 | 01-B-42496 | 05/31/2017 | 05/31/2017 | Book Bank | |||||||
| IIMT University Central Library Meerut | IIMT University Central Library Meerut | 05/31/2017 | 01-B-42497 | 05/31/2017 | 05/31/2017 | Book Bank | |||||||
| IIMT University Central Library Meerut | IIMT University Central Library Meerut | 05/31/2017 | 01-B-42498 | 05/31/2017 | 05/31/2017 | Book Bank | |||||||
| IIMT University Central Library Meerut | IIMT University Central Library Meerut | 05/31/2017 | 01-B-42499 | 05/31/2017 | 05/31/2017 | Book Bank | |||||||
| IIMT University Central Library Meerut | IIMT University Central Library Meerut | 05/31/2017 | 01-B-42500 | 05/31/2017 | 05/31/2017 | Book Bank | |||||||
| IIMT University Central Library Meerut | IIMT University Central Library Meerut | 05/31/2017 | 01-B-42501 | 05/31/2017 | 05/31/2017 | Book Bank | |||||||
| IIMT University Central Library Meerut | IIMT University Central Library Meerut | 05/31/2017 | 01-B-42502 | 05/31/2017 | 05/31/2017 | Book Bank |

